Primal leadership: learning to lead with emotional intelligence
Na minha lista:
| Autor principal: | |
|---|---|
| Formato: | Livro |
| Idioma: | inglês |
| Publicado em: |
Boston
Harvard Businedd School
2002
|
| Edição: | 1a. ed |
| Assuntos: | |
| Tags: |
Adicionar Tag
Sem tags, seja o primeiro a adicionar uma tag!
|
MARC
| LEADER | 00000nam a2200000 a 4500 | ||
|---|---|---|---|
| 001 | UCK1570 | ||
| 003 | CL-VaPUC | ||
| 008 | 041119e20020000US |||||||||||||||||eng|d | ||
| 020 | |a 1591391849 | ||
| 082 | 0 | 4 | |a 658.4092 |b GOL |2 21 |
| 100 | |a Goleman, Daniel |e author |9 615276 | ||
| 245 | 1 | 0 | |a Primal leadership: learning to lead with emotional intelligence |
| 250 | |a 1a. ed | ||
| 300 | |a 306 p | ||
| 942 | |c BK | ||
| 945 | |d 20041119 00:00:00 |a vberengu | ||
| 260 | |a Boston |b Harvard Businedd School |c 2002 | ||
| 650 | 0 | |a Liderazgo |9 271835 | |
| 650 | 0 | |a Administración de empresas |9 260833 | |
| 650 | 0 | |a Administración del personal |9 260442 | |
| 583 | |a last modification |c 20041119 00:00:00 |k Rodrigo Vera | ||
| 999 | |c 311480 |d 311478 | ||
| 952 | |0 0 |1 0 |4 0 |6 658_409200000000000_GOL_2002 |7 0 |8 A |9 380879 |a BIBING |b BIBING |d 2019-11-21 |i 407842K |o 658.4092 GOL 2002 |p 407842K |r 2024-01-25 |w 2019-11-21 |y BK |k EII | ||